Top 10 biggest countries in Asia - Statistics

General Stats
  • This quiz has been taken 40 times
  • The average score is 9 of 10
Answer Stats
Asia area (km2) Country % Correct
9,596,961 China
100%
3,287,263 India
100%
13,083,100 Russia
100%
1,648,195 Iran
89%
2,149,690 Saudi Arabia
89%
1,488,509 Indonesia
84%
2,600,000 Kazakhstan
84%
1,564,110 Mongolia
82%
881,913 Pakistan
76%
759,805 Turkey
66%
No matching quizzes found
Score Distribution
Percent of People with Each Score
Percentile by Number Answered
Your Score History
You have not taken this quiz